Complex analysis with applications in science and engineering (Record no. 10543)
[ view plain ]
| 000 -LEADER | |
|---|---|
| fixed length control field | 00570 a2200193 4500 |
| 020 ## - INTERNATIONAL STANDARD BOOK NUMBER | |
| International Standard Book Number | 978-0-387-73057-8 |
| 020 ## - INTERNATIONAL STANDARD BOOK NUMBER | |
| International Standard Book Number | 0-387-73057-8 |
| 040 ## - CATALOGING SOURCE | |
| Original cataloging agency | DLC |
| Language of cataloging | DLC |
| 082 04 - DEWEY DECIMAL CLASSIFICATION NUMBER | |
| Classification number | 515.9 |
| 100 1# - MAIN ENTRY--PERSONAL NAME | |
| Personal name | Cohen, Harold, |
| 245 10 - TITLE STATEMENT | |
| Title | Complex analysis with applications in science and engineering |
| Statement of responsibility, etc. | Harold Cohen. |
| 250 ## - EDITION STATEMENT | |
| Edition statement | 2nd ed. |
| 260 ## - PUBLICATION, DISTRIBUTION, ETC. | |
| Place of publication, distribution, etc. | New York, NY : |
| Name of publisher, distributor, etc. | Springer, |
| Date of publication, distribution, etc. | c2007. |
| 300 ## - PHYSICAL DESCRIPTION | |
| Extent | xxiii, 477 p. : |
| Other physical details | ill. ; |
| Dimensions | 25 cm. |
| 650 #0 - SUBJECT ADDED ENTRY--TOPICAL TERM | |
| Topical term or geographic name entry element | Functions of complex variables. |
| 650 #0 - SUBJECT ADDED ENTRY--TOPICAL TERM | |
| Topical term or geographic name entry element | Mathematical analysis. |
| 700 1# - ADDED ENTRY--PERSONAL NAME | |
| Personal name | Cohen, Harold, |
| Dates associated with a name | 1937- |
| 942 ## - ADDED ENTRY ELEMENTS (KOHA) | |
| Koha item type | Book |
| Call number prefix | 519.5 COH |
| Source of classification or shelving scheme | |
| Withdrawn status | Lost status | Damaged status | Not for loan | Collection code | Permanent Location | Current Location | Shelving location | Date acquired | Source of acquisition | Cost, normal purchase price | Total Checkouts | Full call number | Barcode | Date last seen | Date last checked out | Price effective from | Koha item type |
|---|---|---|---|---|---|---|---|---|---|---|---|---|---|---|---|---|---|
| Central Library (CL) | Central Library (CL) | General Stacks | 09/27/2011 | Pak Book Corporation | 1178.10 | 1 | 519.5 COH | SEECS010611 | 09/09/2024 | 01/20/2014 | 01/05/2017 | Book | |||||
| Central Library (CL) | Central Library (CL) | General Stacks | 09/27/2011 | Pak Book Corporation | 1178.10 | 519.5 COH | SEECS010612 | 03/10/2025 | 01/05/2017 | Book |
